000 00568nam a2200181Ia 4500
003 GCL
005 20240530105248.0
008 140319s9999 xx 000 0 ara d
040 _aGCL /
_cGCL
082 0 4 _a808.802
_bب ق
100 1 _aبدوى طبانة
245 1 0 _aقضايا النقد الادبى : الوحدة - الالتزام - الوضوح والغموض /
_cبدوى طبانة
260 _a[S.N] :
_bدار المريخ للنشر ،
_c1984
300 _a202 ص
650 0 4 _aالادب
650 0 4 _aالنقد الادبى
942 _2ddc
_cBK
999 _c54426
_d54426